Úloha manažmentu dizajnu pri tvorbe dizajnových inovácií diplomová práca

Guardado en:
Detalles Bibliográficos
Autor principal: Bothová, Klaudia
Autor Corporativo: Obchodná fakulta EU. Katedra marketingu
Otros Autores: Ševčíková, Renáta, 1982-
Formato: Libro
Lenguaje:eslovaco
Publicado: Bratislava 2024
Etiquetas: Agregar Etiqueta
Sin Etiquetas, Sea el primero en etiquetar este registro!

MARC

LEADER 00000nbm a2200000 4500
001 0302358
005 20250625095814.4
041 0 |a slo 
044 |a SK 
245 1 0 |a Úloha manažmentu dizajnu pri tvorbe dizajnových inovácií  |b diplomová práca  |c Klaudia Bothová ; školiteľ: Renáta Ševčíková 
264 1 |a Bratislava  |c 2024 
300 |a 71 s. 
100 1 |a Bothová, Klaudia 
700 1 |a Ševčíková, Renáta, 1982- 
710 2 |a Obchodná fakulta EU. Katedra marketingu